| 000 | 00637nam a2200241 a 4500 | ||
|---|---|---|---|
| 999 |
_c6566 _d6566 |
||
| 001 | 6566 | ||
| 003 | UkOxU | ||
| 005 | 20210329134019.0 | ||
| 008 | 921123r19901860enk d 000 1 eng d | ||
| 020 | _a1850893837 | ||
| 035 | _a(BD-JhCC) | ||
| 040 |
_aBD-JhCC _dBD-JhCC |
||
| 041 | _aeng | ||
| 082 |
_a823.8 _220 _bELI 1951 |
||
| 100 | 1 |
_aEliot, George, _d1819-1880. |
|
| 245 | 1 | 4 |
_aThe mill on the Floss / _cGeorge Eliot, |
| 260 |
_aOxford : _bClio, _c1990 |
||
| 300 |
_a636 p. : _c22cm. |
||
| 490 | 0 | _aIsis clear type classic | |
| 500 | _aFirst published: 1860 | ||
| 650 |
_aContlict of gener ations _xEngland |
||
| 942 |
_2ddc _cBK _02 |
||